5HLuxD.jpg

KING HENRY VIII SENIOR AND PRIMARY SCHOOL LIBRARY OPAC

Allies / (Record no. 3755)

000 -LEADER
fixed length control field 01951nam a2200385 i 4500
003 - CONTROL NUMBER IDENTIFIER
control field OSt
005 - DATE AND TIME OF LATEST TRANSACTION
control field 20241021102845.0
008 - FIXED-LENGTH DATA ELEMENTS--GENERAL INFORMATION
fixed length control field 191111s2019 nyub j 000 1 eng d
020 ## - INTERNATIONAL STANDARD BOOK NUMBER
International Standard Book Number 9781407198798
040 ## - CATALOGING SOURCE
Original cataloging agency NJQ/DLC
Language of cataloging eng
Transcribing agency NJQ
Modifying agency CaNSH
-- CaOL
-- KH8
Description conventions rda
082 ## - DEWEY DECIMAL CLASSIFICATION NUMBER
Classification number FIC GRA
100 1# - MAIN ENTRY--PERSONAL NAME
Personal name Gratz, Alan,
Dates associated with a name 1972-
Relator term author.
245 10 - TITLE STATEMENT
Title Allies /
Statement of responsibility, etc. Alan Gratz.
250 ## - EDITION STATEMENT
Edition statement First edition.
264 #1 - PRODUCTION, PUBLICATION, DISTRIBUTION, MANUFACTURE, AND COPYRIGHT NOTICE
Place of production, publication, distribution, manufacture New York :
Name of producer, publisher, distributor, manufacturer Scholastic Press,
Date of production, publication, distribution, manufacture, or copyright notice 2019.
264 #4 - PRODUCTION, PUBLICATION, DISTRIBUTION, MANUFACTURE, AND COPYRIGHT NOTICE
Place of production, publication, distribution, manufacture 2019
300 ## - PHYSICAL DESCRIPTION
Extent 322 pages :
Other physical details maps ;
Dimensions 22 cm.
336 ## - CONTENT TYPE
Content type term text
Source rdacontent.
337 ## - MEDIA TYPE
Media type term unmediated
Source rdamedia.
338 ## - CARRIER TYPE
Carrier type term volume
Source rdacarrier.
500 ## - GENERAL NOTE
General note "D-Day. One chance to unite. Everything to lose." --Cover.
520 ## - SUMMARY, ETC.
Summary, etc. It is June 6, 1944, D-Day, and Dee Carpenter (true name Dietrich Zimmermann), an underage private in the United States Army, is headed for Omaha Beach, seeking revenge for his uncle, who was arrested by Nazis when Dee was a little boy; meanwhile, Samira Zidano, an eleven-year old French-Algerian girl is looking for the French resistance, desperate to deliver the message that the invasion is about to begin, and get their help in freeing her mother--this is the most important day of the twentieth century, and both children want to fight, and survive.
650 #0 - SUBJECT ADDED ENTRY--TOPICAL TERM
Topical term or geographic name entry element World War, 1939-1945
General subdivision Campaigns
Geographic subdivision France
-- Normandy
Form subdivision Juvenile fiction.
650 #0 - SUBJECT ADDED ENTRY--TOPICAL TERM
Topical term or geographic name entry element World War, 1939-1945
General subdivision Underground movements
Geographic subdivision France
Form subdivision Juvenile fiction.
650 #0 - SUBJECT ADDED ENTRY--TOPICAL TERM
Topical term or geographic name entry element German American soldiers
Form subdivision Juvenile fiction.
650 #0 - SUBJECT ADDED ENTRY--TOPICAL TERM
Topical term or geographic name entry element Survival
Form subdivision Juvenile fiction.
650 #0 - SUBJECT ADDED ENTRY--TOPICAL TERM
Topical term or geographic name entry element German Americans
Form subdivision Juvenile fiction.
650 #0 - SUBJECT ADDED ENTRY--TOPICAL TERM
Topical term or geographic name entry element Soldiers
Geographic subdivision Juvenile fiction.
650 #0 - SUBJECT ADDED ENTRY--TOPICAL TERM
Topical term or geographic name entry element War stories.
Source of heading or term genre.
650 #0 - SUBJECT ADDED ENTRY--TOPICAL TERM
Topical term or geographic name entry element Historical fiction.
Source of heading or term genre.
651 #0 - SUBJECT ADDED ENTRY--GEOGRAPHIC NAME
Geographic name Normandy (France)
General subdivision History
Chronological subdivision 20th century
Form subdivision Juvenile fiction.
651 #0 - SUBJECT ADDED ENTRY--GEOGRAPHIC NAME
Geographic name France
General subdivision History
Chronological subdivision 20th century
Form subdivision Juvenile fiction.
651 #0 - SUBJECT ADDED ENTRY--GEOGRAPHIC NAME
Geographic name France
General subdivision History
Chronological subdivision German occupation, 1940-1945
Form subdivision Juvenile fiction.
942 ## - ADDED ENTRY ELEMENTS (KOHA)
Source of classification or shelving scheme
Koha item type Books - Fiction
Holdings
Withdrawn status Lost status Source of classification or shelving scheme Damaged status Not for loan Collection code Permanent Location Current Location Shelving location Date acquired Total Checkouts Full call number Barcode Date last seen Date last checked out Price effective from Koha item type
          Fiction KH8 Senior School Library KH8 Senior School Library Fiction 2024-10-21 1 FIC GRA 3KHSL000102098 2025-08-28 2025-08-28 2024-10-21 Books - Fiction

Powered By KH8 IT Dept